Statystyki dla Największe miasta Niemiec

Kliknij tutaj aby rozwiązać quiz!

Ogólne statystyki

  • Ten quiz został rozwiązany 258 razy
  • Średni wynik to 4 z 5

Statystyki odpowiedzi

ludnoscmiasto% Poprawnych
3 669 491Berlin
100%
1 484 226Monachium
91%
1 847 253Hamburg
88%
763 380Frankfurt
78%
1 087 863Kolonia
72%

Rozkład punktacji

Percentyl według liczby udzielonych odpowiedzi

Procent ludzi z każdym wynikiem

Twoja historia wyników

Nie rozwiązałeś tego quizu